000 00317nam a2200133Ia 4500
008 160319s9999 xx 000 0 und d
245 _aUniversity of Santo Tomas Singers /
260 _aManila :
260 _bJB Music
260 _c2000
300 _a1 sound disc :
300 _bdigital :
300 _c4 3/4 in.
999 _c292759
_d292759